The invention of Morel and other stories (from la trama celeste) = La invención de Morel y otras historias (de La trama Celeste) /
Uloženo v:
| Hlavní autor: | |
|---|---|
| Médium: | Neznámo |
| Jazyk: | English |
| Vydáno: |
Austin, Texas :
University of Texas Press ,
1964.
|
| Témata: | |
| Tagy: |
Přidat tag
Žádné tagy, Buďte první, kdo vytvoří štítek k tomuto záznamu!
|
MARC
| LEADER | 000000000a22000000004500 | ||
|---|---|---|---|
| 001 | 011050 | ||
| 041 | 0 | |a eng | |
| 082 | 0 | 4 | |a 863.6 |b B615i |
| 100 | 1 | |a Bioy Casares, Adolfo, |d 1914-1998 | |
| 245 | 1 | 4 | |a The invention of Morel and other stories (from la trama celeste) = |b La invención de Morel y otras historias (de La trama Celeste) / |c Adolfo Bioy Casares. |
| 246 | 3 | 1 | |a La invención de Morel y otras historias (de La trama Celeste) |
| 260 | 1 | |a Austin, Texas : |b University of Texas Press , |c 1964. | |
| 300 | |a 237 páginas | ||
| 650 | 4 | |a THE INVENTION OF MOREL | |
| 650 | 4 | |a STORIES FROM LA TRAMA CELESTE | |
| 999 | |c 16367 |d 16367 | ||
| 942 | |c BK |h 863.6 B615i |2 z | ||
